01438 a2200205 45000010006000000050017000060080041000230030015000640400040000790800091001192450078002100200022002882640042003103000019003525200521003715050214008920410008011061000023011148560095011374472020260407155723.0260407a2017 arg spa dAR-UNSa-BCEJYS aAR-UNSa-BCEJYSbspacAR-UNSa-BCEJYS a338.124xRetroceso de la actividad económica. Contracción económica (Pobreza...)10aEnemigo comúnpuna introducción a la pobreza infantil en la Argentina a978-987-574-856-9 1aBuenos Aires :bPrometeo Librosc2017 a103 p.c23 cm. aLa pobreza en la niñez es un tema serio que necesariamente debe ocupar un lugar privilegiado en la agenda de la política pública de cualquier país del mundo en el que se haya detectado que existe este mal. Es, auténticamente, lo que expresa de manera tan contundente la frase de Doyle: un enemigo común; y, como tal, debe ser combatido por todos. Así es que en este libro se presentan los elementos de la pobreza infantil cuyo conocimiento consideramos esencial para poder planificar un ataque eficaz.  a1. ¿ Por qué la pobreza en la niñez debe preocuparnos? - 2. El marco conceptual y las teorías que lo apoyan - 3. Buscando el camino - 4. Las partes del todo - 5. Mucho más que la suma de las partes -  aspa1 aPaz, Jorge Augusto41uhttps://biblioeco.unsa.edu.ar/pmb/images/libros/L126988.jpgyImagen de portadaqimage/jpeg